000 00192nam a2200085Ia 4500
008 250605s9999 xx 000 0 und d
041 _aeng
100 _aHarshita Sharma
245 _aReliance Retail
999 _c44714
_d44714